Use of electronic resources by users in select libraries of management insititutions in national capital region (Record no. 884685)

MARC details
000 -LEADER
fixed length control field 00947nam a2200277Ia 4500
003 - CONTROL NUMBER IDENTIFIER
control field OSt
005 - DATE AND TIME OF LATEST TRANSACTION
control field 20220930093027.0
008 - FIXED-LENGTH DATA ELEMENTS--GENERAL INFORMATION
fixed length control field 220926b |||||||| |||| 00| 0 eng d
037 ## - SOURCE OF ACQUISITION
Terms of availability Theses
040 ## - CATALOGING SOURCE
Original cataloging agency CRL
Transcribing agency CRL
Language of cataloging eng
041 ## - LANGUAGE CODE
Source of code eng
Language code of text/sound track or separate title eng
100 ## - MAIN ENTRY--PERSONAL NAME
Personal name Kaur Manpreet
9 (RLIN) 550405
110 ## - MAIN ENTRY--CORPORATE NAME
Corporate name or jurisdiction name as entry element Uinversity of Delhi. Faculty of Arts. Library and information Science
9 (RLIN) 550406
245 #0 - TITLE STATEMENT
Title Use of electronic resources by users in select libraries of management insititutions in national capital region
260 ## - PUBLICATION, DISTRIBUTION, ETC.
Date of publication, distribution, etc. 2015
300 ## - PHYSICAL DESCRIPTION
Extent xvi, 549
-- p.
Dimensions cm.
650 ## - SUBJECT ADDED ENTRY--TOPICAL TERM
Topical term or geographic name entry element LIBRARY MANAGEMENT
9 (RLIN) 449000
650 ## - SUBJECT ADDED ENTRY--TOPICAL TERM
Topical term or geographic name entry element ELECTRONIC RESOURCES
9 (RLIN) 550407
700 ## - ADDED ENTRY--PERSONAL NAME
Personal name Walia Paramjeet K. Gu.
9 (RLIN) 550408
700 ## - ADDED ENTRY--PERSONAL NAME
Personal name Uinversity of Delhi. Faculty of Arts. Library and information Science
9 (RLIN) 550409
942 ## - ADDED ENTRY ELEMENTS (KOHA)
Koha item type Dissertations
Source of classification or shelving scheme Colon Classification (CC)
Holdings
Withdrawn status Lost status Damaged status Not for loan Home library Current library Date acquired Total Checkouts Barcode Date last seen Price effective from Koha item type
        Central Library Central Library 2022-09-30   TH0022554 2022-09-30 2022-09-30 Thesis
Copyright @ Delhi University Library System